[Event "Tourn. n9417"]
[Site "www.chess-mail.com"]
[Date "2017.08.12"]
[Round "1"]
[White "Fabos12"]
[Black "Claymil"]
[WhiteElo "1920"]
[BlackElo "2060"]
[Result "1-0"]
[Round "1"]
1.d4 d5
2.Ng1f3 h6
3.Bc1f4 e6
4.e3 a6
5.Bf1d3 g6
6.h4 Bf8g7
7.Nb1d2 Ng8e7
8.c3 Nb8d7
9.g4 b6
10.Qd1c2 c5
11.b3 Bc8b7
12.Bf4d6 Nd7f6
13.Bd6xe7 Qd8xe7
14.Nf3e5 c4
15.Bd3xg6 O-O
16.g5 Nf6d7
17.Bg6h7 Kh8
18.f4 b5
19.O-O-O Nd7xe5
20.fxe5 Bb7c6
21.Nd2f3 a5
22.Rd1g1 cxb3
23.axb3 Qe7a3
24.Kd2 Qa3e7
25.Nf3h2 Rf8c8
26.Nh2g4 a4
27.b4 Bc6e8
28.gxh6 f5
29.exf6 Bg7xf6
30.Ng4xf6 Be8f7
31.Nf6g4 Bf7g8
32.Bh7xg8 Rc8xg8
33.Ng4e5 Ra8f8
34.Rg1xg8 Rf8xg8
35.Ne5g6 Rg8xg6
36.Qc2xg6 e5
37.Rh1f1 exd4
38.exd4 a3
39.Rf1f7 { resign }
1-0

[Event "Tourn. n9483"]
[Site "www.chess-mail.com"]
[Date "2017.08.12"]
[Round "1"]
[White "Luban"]
[Black "Fantomas"]
[WhiteElo "2150"]
[BlackElo "2000"]
[Result "1-0"]
[Round "1"]
1.d4 d5
2.Ng1f3 Ng8f6
3.h3 c6
4.e3 Qd8c7
5.c4 e6
6.a3 Bf8e7
7.Nb1c3 b6
8.Bf1d3 Nb8d7
9.O-O O-O
10.e4 dxe4
11.Nc3xe4 e5
12.d5 cxd5
13.Ne4xf6 Nd7xf6
14.cxd5 e4
15.Bd3e2 exf3
16.Be2xf3 Qc7d6
17.Bc1g5 h6
18.Bg5h4 Nf6d7
19.Bh4xe7 Qd6e5
20.d6 Ra8b8
21.Be7xf8 Kxf8
22.Rf1e1 Qe5b5
23.Re1e7 Nd7e5
24.Bf3d5 Qb5c5
25.Re7xe5 Qc5xd6
26.Qd1f3 f6
27.Ra1e1 { resign }
1-0

[Event "Tourn. n9488"]
[Site "www.chess-mail.com"]
[Date "2017.08.12"]
[Round "1"]
[White "Fantomas"]
[Black "Guidom"]
[WhiteElo "2000"]
[BlackElo "2120"]
[Result "1/2-1/2"]
[Round "1"]
1.d4 d5
2.Ng1f3 c6
3.e3 Bc8g4
4.Bf1e2 Ng8f6
5.Nf3e5 Bg4xe2
6.Qd1xe2 Nb8d7
7.Ne5xd7 Qd8xd7
8.O-O e6
9.a3 Bf8d6
10.f4 Nf6e4
11.Nb1d2 Ne4xd2
12.Bc1xd2 a6
13.Qe2e1 f5
14.b3 Qd7f7
15.Bd2b4 Bd6xb4
16.Qe1xb4 Qf7e7
17.Qb4xe7 { draw }
1/2-1/2

[Event "Tourn. n9457"]
[Site "www.chess-mail.com"]
[Date "2017.08.12"]
[Round "1"]
[White "Falcoale"]
[Black "Francesco"]
[WhiteElo "2070"]
[BlackElo "2120"]
[Result "0-1"]
[Round "1"]
1.e4 c6
2.d4 d5
3.exd5 cxd5
4.Ng1f3 Bc8g4
5.h3 Bg4h5
6.Bf1e2 Ng8f6
7.O-O e6
8.Bc1g5 Bf8e7
9.Be2b5 Nb8c6
10.g4 Bh5g6
11.Nf3e5 Qd8b6
12.a4 a6
13.a5 Qb6xb5
14.b3 O-O
15.Bg5xf6 Be7xf6
16.Ne5d7 Bf6xd4
17.Nd7xf8 Bd4xa1
18.Nf8xg6 hxg6
19.Nb1a3 Qb5xa5
20.Qd1xa1 Ra8c8
21.Qa1b2 Nc6b4
22.Rf1a1 Qa5c5
23.Ra1d1 b5
24.Kf1 Nb4xc2
25.Na3xc2 Qc5xc2
{ resign }
0-1

[Event "Tourn. n9457"]
[Site "www.chess-mail.com"]
[Date "2017.08.12"]
[Round "1"]
[White "Cjood"]
[Black "Jazzy"]
[WhiteElo "2210"]
[BlackElo "2200"]
[Result "0-1"]
[Round "1"]
1.e4 e5
2.Ng1f3 Ng8f6
3.Bf1c4 Nf6xe4
4.Nf3xe5 d5
5.Qd1f3 Bc8e6
6.Bc4b3 Qd8f6
7.Qf3xf6 Ne4xf6
8.d4 Bf8e7
9.O-O O-O
10.Bc1f4 c5
11.dxc5 Be7xc5
12.Ne5d3 Bc5b6
13.Nb1d2 Nb8c6
14.c3 Be6f5
15.Nd3e5 Ra8c8
16.Ne5xc6 bxc6
17.Nd2f3 Nf6e4
18.Ra1d1 Ne4c5
19.Rf1e1 Nc5xb3
20.axb3 Bf5c2
21.Rd1c1 Bc2xb3
22.Bf4d6 Rf8e8
23.Re1xe8 Rc8xe8
24.h4 Re8e2
25.Nf3d4 Re2xb2
26.Nd4xc6 Bb6xf2
27.Kh2 Bf2xh4
28.Nc6xa7 h6
29.Bd6a3 Rb2a2
30.Na7b5 Bb3c4
31.Rc1b1 Bc4xb5
{ resign }
0-1

[Event "Tourn. n9424"]
[Site "www.chess-mail.com"]
[Date "2017.08.12"]
[Round "1"]
[White "Roque1"]
[Black "Astroboy"]
[WhiteElo "2040"]
[BlackElo "2160"]
[Result "0-1"]
[Round "1"]
1.e4 c6
2.Ng1f3 d5
3.Nb1c3 dxe4
4.Nc3xe4 Bc8f5
5.Ne4g3 Bf5g6
6.Bf1e2 Nb8d7
7.d3 Ng8f6
8.Bc1e3 e6
9.O-O Bf8d6
10.Qd1d2 O-O
11.a4 a5
12.c3 Nf6d5
13.Nf3d4 Nd7c5
14.Rf1b1 e5
15.Nd4c2 Nc5b3
16.Qd2d1 Nb3xa1
17.Rb1xa1 f5
18.Be3d2 Bd6c5
19.Bd2e3 Bc5xe3
20.fxe3 f4
21.Ng3f1 Qd8b6
22.Qd1c1 Ra8d8
23.d4 fxe3
24.Nf1xe3 Nd5xe3
25.Nc2xe3 exd4
26.Ne3c4 Qb6c5
27.Ra1a3 dxc3
28.Kh1 cxb2
29.Qc1xb2 Rd8d1
{ resign }
0-1

[Event "Match"]
[Site "www.echecsemail.com"]
[Date "2017.08.12"]
[Round "1"]
[White "Cjood"]
[Black "Gambitmiau"]
[WhiteElo "1910"]
[BlackElo "1960"]
[Result "0-1"]
[Round "1"]
1.e4 Nb8c6
2.Ng1f3 d5
3.exd5 Qd8xd5
4.b3 Bc8g4
5.Bf1e2 Nc6d4
6.Nf3xd4 Qd5xd4
7.Nb1c3 Bg4xe2
8.Qd1xe2 Ng8f6
9.O-O a6
10.Bc1b2 O-O-O
11.Ra1d1 Qd4b6
12.Nc3a4 Qb6c6
13.Bb2xf6 Qc6xf6
14.Qe2g4 Kb8
15.Na4c5 e6
16.Qg4e4 Bf8xc5
17.g3 Rd8d4
18.Qe4e2 Rh8d8
19.c3 Rd4d3
20.b4 Bc5a7
21.Kg2 Rd8d5
22.c4 Rd5d4
23.c5 Qf6g6
24.h4 Rd4xh4
25.Qe2xd3 Qg6xd3
26.gxh4 a5
{ resign }
0-1

[Event "Match"]
[Site "www.echecsemail.com"]
[Date "2017.08.12"]
[Round "1"]
[White "Juodivarnai"]
[Black "Guidom"]
[WhiteElo "2080"]
[BlackElo "2100"]
[Result "0-1"]
[Round "1"]
1.e4 e5
2.Ng1f3 Nb8c6
3.Bf1b5 a6
4.Bb5a4 Ng8f6
5.O-O d6
6.d4 b5
7.Ba4b3 Bc8g4
8.d5 Nc6d4
9.Nb1d2 Nd4xf3
10.Nd2xf3 Nf6xe4
11.Qd1d3 Ne4c5
12.Qd3e3 Nc5xb3
13.axb3 Bf8e7
14.Bc1d2 O-O
15.h3 Bg4xf3
16.Qe3xf3 f5
17.c4 e4
18.Qf3g3 Be7f6
19.Bd2f4 Bf6xb2
20.Ra1a2 Bb2d4
21.Rf1d1 Bd4f6
22.Qg3e3 bxc4
23.bxc4 Qd8d7
24.Bf4g5 Bf6xg5
25.Qe3xg5 h6
26.Qg5e3 Rf8b8
27.Rd1a1 Rb8b6
28.f3 exf3
29.Qe3xf3 Qd7f7
30.Ra2a5 Qf7f6
31.Ra1a4 Qf6d4
32.Kh2 Qd4e5
33.Kg1 Rb6b1
34.Kf2 Qe5e1
{ resign }
0-1

[Event "Match"]
[Site "www.echecsemail.com"]
[Date "2017.08.12"]
[Round "1"]
[White "Cjood"]
[Black "Bojan"]
[WhiteElo "1940"]
[BlackElo "2040"]
[Result "1-0"]
[Round "1"]
1.e4 e5
2.Ng1f3 Nb8c6
3.Bf1c4 Qd8f6
4.c3 Bf8c5
5.O-O d6
6.d3 h6
7.a4 a6
8.b4 Bc5b6
9.Nb1a3 Bc8g4
10.Na3c2 Bg4xf3
11.Qd1xf3 Qf6xf3
12.gxf3 Ng8e7
13.Bc1e3 Bb6a7
14.a5 Nc6d8
15.Be3xa7 Ra8xa7
16.Nc2e3 O-O
17.Ne3d5 Nd8e6
18.Nd5xe7 Kh7
19.Ne7f5 g6
20.Nf5e7 b5
21.axb6 cxb6
22.Ne7d5 f5
23.Nd5xb6 Ne6g5
24.Kg2 fxe4
25.fxe4 h5
26.Ra1xa6 Ra7f7
27.Bc4xf7 Rf8xf7
28.Nb6d5 Rf7f3
29.Ra6xd6 Kh6
30.Nd5e3 h4
31.Ne3g4 Kh5
32.Ng4xe5 h3
33.Kh1 Rf3f8
34.Ne5xg6 Rf8e8
35.f4 Ng5f7
36.f5 Nf7xd6
37.Ng6f4 Kg5
38.Nf4xh3 Kf6
39.Rf1g1 Nd6b5
40.Rg1g6 Ke5
41.Rg6e6 Re8xe6
42.fxe6 Kxe6
43.c4 Nb5c3
44.c5 Ke5
45.Nh3g5 Kd4
46.c6 Nc3b5
47.Ng5e6 Ke5
48.c7 Nb5a7
49.Ne6c5 Kd6
50.h4 Kxc7
51.h5 Na7c8
52.e5 Nc8e7
53.d4 Kc6
54.h6 Ne7g6
55.h7 Ng6h8
56.e6 Kd6
57.b5 { resign }
1-0

[Event "Match"]
[Site "www.echecsemail.com"]
[Date "2017.08.12"]
[Round "1"]
[White "Bojan"]
[Black "Cjood"]
[WhiteElo "2060"]
[BlackElo "1930"]
[Result "1-0"]
[Round "1"]
1.b4 e5
2.c3 d5
3.e3 Ng8f6
4.Bc1b2 c6
5.h3 g6
6.a3 Bc8e6
7.Qd1c2 Bf8g7
8.d3 Nb8d7
9.Nb1d2 O-O
10.Ng1f3 Qd8c7
11.Nf3g5 Be6f5
12.g4 Bf5e6
13.Bf1e2 Ra8e8
14.Ng5xe6 Re8xe6
15.g5 Nf6e8
16.e4 dxe4
17.Nd2xe4 Ne8d6
18.Qc2d2 Nd6f5
19.h4 h6
20.h5 Qc7d8
21.Be2g4 Kh7
22.f3 f6
23.hxg6 Kxg6
24.gxh6 Rf8h8
25.Bg4xf5 Kxf5
26.Qd2g2 { resign }
1-0

[Event "Match"]
[Site "www.echecsemail.com"]
[Date "2017.08.12"]
[Round "1"]
[White "Dussek"]
[Black "Vios"]
[WhiteElo "1690"]
[BlackElo "1199"]
[Result "0-1"]
[Round "1"]
1.c4 e5
2.g3 f5
3.Bf1g2 Ng8f6
4.Nb1c3 g6
5.e4 d6
6.Ng1e2 Bf8g7
7.O-O O-O
8.d3 Nb8c6
9.a3 a5
10.Bc1g5 h6
11.Bg5d2 Bc8e6
12.Nc3d5 Nc6e7
13.Nd5xf6 Rf8xf6
14.b3 c6
15.Ra1c1 d5
16.cxd5 cxd5
17.Ne2c3 d4
18.Nc3b5 Ne7c6
19.f4 Qd8b6
20.a4 Rf6f8
21.Kh1 Kh7
22.Qd1c2 Ra8c8
23.Qc2b2 Qb6d8
24.exf5 Be6xf5
25.Qb2b1 Qd8d7
26.h3 Bf5xh3
27.Nb5a3 Bh3xg2
28.Kxg2 exf4
29.Bd2xf4 g5
30.Bf4d2 Qd7d5
31.Kg1 Nc6e5
32.Rc1xc8 Rf8xc8
33.Na3c4 Ne5f3
34.Kf2 Nf3h2
35.Qb1d1 Rc8f8
{ resign }
0-1

[Event "Fast Game"]
[Site "www.echecsemail.com"]
[Date "2017.08.12"]
[Round "1"]
[White "Cjood"]
[Black "Picifarkinca"]
[WhiteElo "1750"]
[BlackElo "1910"]
[Result "1/2-1/2"]
[Round "1"]
1.c4 Ng8f6
2.Nb1c3 e6
3.Ng1f3 b6
4.g3 Bc8b7
5.e3 d6
6.Bf1g2 Nb8d7
7.d3 g6
8.Bc1d2 Bf8g7
9.O-O Nd7c5
10.Qd1c2 a5
11.Nc3b5 O-O
12.Bd2c3 Qd8e7
13.d4 Nc5e4
14.Bc3e1 c6
15.Nb5c3 d5
16.cxd5 cxd5
17.Nf3e5 Ra8c8
18.f3 Ne4d6
19.Be1d2 Bb7a6
20.Ne5d3 b5
21.a3 Nd6c4
22.b3 Nc4xa3
23.Qc2a2 b4
24.Rf1c1 Ba6xd3
25.Nc3d1 Na3c2
26.Qa2xa5 Nc2xa1
27.Rc1xa1 Rc8a8
28.Qa5xa8 Rf8xa8
29.Ra1xa8 Bg7f8
30.Nd1b2 Kg7
31.Nb2xd3 Qe7b7
32.Ra8a1 Qb7b5
33.Nd3e5 Nf6d7
34.Bg2f1 Qb5b7
35.Ne5g4 h5
36.Ng4f2 Nd7b8
37.Bf1d3 Qb7b6
38.f4 Qb6b7
39.h3 Qb7c6
40.g4 Kh6
41.gxh5 Kxh5
42.e4 Qc6b6
43.f5 gxf5
44.exf5 Qb6xd4
45.Bd3e2 Kh4
46.Ra1d1 Bf8c5
47.Bd2g5 Kxg5
48.Rd1xd4 Bc5xd4
49.fxe6 fxe6
50.Be2g4 Kf6
51.Kg2 e5
52.h4 Nb8c6
53.h5 Nc6a5
54.Bg4d1 e4
55.Bd1c2 Kg5
56.Bc2d1 Na5c6
57.Kg3 Nc6e5
58.Nf2h3 Kh6
{ draw }
1/2-1/2

[Event "Tourn. n9464"]
[Site "www.chess-mail.com"]
[Date "2017.08.13"]
[Round "1"]
[White "Attatroll"]
[Black "Redapond1"]
[WhiteElo "1990"]
[BlackElo "1830"]
[Result "1-0"]
[Round "1"]
1.d4 d5
2.c4 Bc8e6
3.e3 dxc4
4.Nb1c3 Ng8f6
5.Ng1f3 Be6g4
6.Bf1e2 Bg4xf3
7.Be2xf3 c6
8.O-O e6
9.Nc3b5 a6
10.Nb5c3 Bf8b4
{ time. }
1-0

[Event "Tourn. n9433"]
[Site "www.chess-mail.com"]
[Date "2017.08.13"]
[Round "1"]
[White "Fabos12"]
[Black "Bojan"]
[WhiteElo "1920"]
[BlackElo "1940"]
[Result "0-1"]
[Round "1"]
1.d4 d5
2.Ng1f3 Bc8g4
3.Nb1d2 Ng8f6
4.h3 Bg4h5
5.g4 Bh5g6
6.Bf1g2 h6
7.Nf3e5 Bg6h7
8.Nd2f3 Qd8d6
9.a3 Nb8c6
10.Bc1f4 Nf6d7
11.Bf4g3 Nc6xe5
12.Nf3xe5 Qd6e6
13.O-O c6
14.f4 f6
15.Ne5xd7 Kxd7
16.c3 g6
17.Rf1e1 Bf8g7
18.e4 Qe6f7
19.e5 e6
20.Qd1b3 b6
21.Qb3b4 Bg7f8
22.Qb4a4 a6
23.b4 Bf8e7
24.Ra1c1 b5
25.Qa4b3 f5
26.a4 Qf7e8
27.a5 fxg4
28.hxg4 Rh8f8
29.Qb3d1 g5
 { time }
0-1

[Event "Tourn. n9452"]
[Site "www.chess-mail.com"]
[Date "2017.08.13"]
[Round "1"]
[White "Fantomas"]
[Black "Redapond1"]
[WhiteElo "1890"]
[BlackElo "1800"]
[Result "1-0"]
[Round "1"]
1.Ng1f3 d5
2.d4 Bc8f5
3.Bc1f4 Nb8c6
4.a3 e6
5.Bf4g3 Bf8d6
6.Bg3xd6 Qd8xd6
7.Nb1c3 O-O-O
8.h3 Ng8f6
9.Nf3h4 Qd6f4
10.Nh4xf5 Qf4xf5
11.e3 Nf6e4
12.Nc3xe4 dxe4
13.Bf1e2 e5
14.Be2g4 Qf5xg4
15.Qd1xg4 Kb8
16.dxe5 Rh8g8
17.Ra1d1 Rd8e8
18.Qg4xe4 f6
19.O-O Re8xe5
20.Qe4c4 a6
21.Qc4xg8 { resign }
1-0

[Event "Tourn. n9447"]
[Site "www.chess-mail.com"]
[Date "2017.08.13"]
[Round "1"]
[White "Johnmcbride"]
[Black "Cjood"]
[WhiteElo "2000"]
[BlackElo "2140"]
[Result "0-1"]
[Round "1"]
1.d4 Ng8f6
2.e3 g6
3.Nb1d2 Bf8g7
4.c4 c6
5.f4 e6
6.a4 a5
7.g4 d5
8.Ra1a3 Nb8d7
9.cxd5 Nf6xd5
10.Nd2f3 Bg7f8
11.Ra3a1 Bf8b4
12.Bc1d2 Nd5xe3
13.Qd1e2 Ne3c2
14.Kd1 Nc2xa1
15.Bd2xb4 axb4
16.Qe2c4 Ra8xa4
17.Bf1d3 Nd7b6
18.Qc4c1 Na1b3
19.Qc1c2 Ra4a1
20.Ke2 Nb3xd4
21.Nf3xd4 Qd8xd4
{ resign }
0-1

[Event "Tourn. n9486"]
[Site "www.chess-mail.com"]
[Date "2017.08.13"]
[Round "1"]
[White "Karousek"]
[Black "Bojan"]
[WhiteElo "2090"]
[BlackElo "2060"]
[Result "1-0"]
[Round "1"]
1.e4 e5
2.Ng1f3 d6
3.d4 exd4
4.Bf1c4 h6
5.O-O c5
6.c3 dxc3
7.Qd1b3 Qd8f6
8.Rf1e1 Kd8
9.e5 dxe5
10.Nf3xe5 Kc7
11.Nb1xc3 b6
12.Nc3d5 Kb7
13.Nd5xf6 Ng8xf6
14.Ne5xf7 Rh8h7
15.Qb3f3 Nb8c6
16.Nf7e5 Bc8d7
17.Ne5xd7 Nf6xd7
18.Bc4b5 { resign }
1-0

[Event "Tourn. n9472"]
[Site "www.chess-mail.com"]
[Date "2017.08.13"]
[Round "1"]
[White "Attatroll"]
[Black "Fantomas"]
[WhiteElo "1990"]
[BlackElo "1960"]
[Result "0-1"]
[Round "1"]
1.e4 c5
2.Nb1c3 d6
3.g4 e5
4.Bf1g2 Bc8e6
5.h3 Nb8c6
6.d3 Bf8e7
7.Ng1f3 h6
8.O-O Ng8f6
9.Bc1e3 Nc6d4
10.Be3xd4 cxd4
11.Nc3e2 Nf6d7
12.Ne2g3 g6
13.Nf3h2 Nd7f8
14.f4 Be6d7
15.f5 Nf8h7
16.fxg6 fxg6
17.Qd1d2 Be7g5
18.Qd2e2 Bg5f4
19.Nh2f3 Bf4xg3
20.Nf3d2 Bg3f4
21.Nd2c4 Bd7e6
22.Nc4d2 Nh7f6
23.Nd2f3 g5
24.c3 dxc3
25.bxc3 h5
26.gxh5 Nf6xh5
27.Rf1b1 Nh5g3
28.Qe2f2 b6
29.Rb1b2 Be6xh3
30.d4 Bh3xg2
31.Kxg2 Qd8d7
32.Nf3xg5 Qd7g4
33.Ng5f3 Qg4h3
34.Kg1 Qh3h1

0-1

[Event "Tourn. n9458"]
[Site "www.chess-mail.com"]
[Date "2017.08.13"]
[Round "1"]
[White "Orhany24"]
[Black "Coolant"]
[WhiteElo "2140"]
[BlackElo "2290"]
[Result "0-1"]
[Round "1"]
1.e4 Nb8c6
2.d4 d5
3.exd5 Qd8xd5
4.Bc1e3 e5
5.c4 Bf8b4
6.Nb1c3 Qd5a5
7.Ng1e2 exd4
8.Be3xd4 Nc6xd4
9.Qd1xd4 Ng8f6
10.a3 O-O
11.g3 Rf8e8
12.Bf1g2 Bb4xc3
13.Qd4xc3 Qa5xc3
14.bxc3 Bc8g4
15.f3 Bg4e6
16.Kf2 Be6xc4
17.Rh1e1 Ra8d8
18.Ne2d4 c5
19.Nd4f5 Rd8d2
20.Kg1 g6
21.Nf5d6 Re8xe1
22.Ra1xe1 Bc4d5
23.c4 Bd5c6
24.h4 Rd2xd6
{ resign }
0-1

[Event "Tourn. n9435"]
[Site "www.chess-mail.com"]
[Date "2017.08.13"]
[Round "1"]
[White "Estonia"]
[Black "Bigrezi"]
[WhiteElo "2020"]
[BlackElo "2020"]
[Result "0-1"]
[Round "1"]
1.c4 g6
2.d4 Bf8g7
3.Nb1c3 c5
4.e3 Ng8f6
5.Ng1f3 O-O
6.Bf1e2 d6
7.O-O Qd8b6
8.Nc3d5 Nf6xd5
9.cxd5 Nb8d7
10.Ra1b1 Nd7f6
11.dxc5 dxc5
12.b3 Bc8f5
13.Be2d3 Nf6xd5
14.Bc1b2 Bf5xd3
15.Qd1xd3 Bg7xb2
16.Qd3xd5 Bb2g7
17.Nf3e5 e6
18.Qd5e4 f5
19.Qe4f4 Ra8d8
20.Rf1d1 Rd8xd1
21.Rb1xd1 Rf8d8
22.Rd1xd8 Qb6xd8
23.h3 g5
24.Qf4c4 Qd8d1
25.Kh2 Bg7xe5
26.g3 Qd1d5
27.Qc4a4 Kf7
28.Qa4xa7 Qd5f3
29.Kg1 Be5d6
30.Qa7a4 Ke7
31.Qa4b5 Bd6xg3
32.fxg3 Qf3xg3
33.Kf1 Qg3xh3
34.Kf2 Qh3h4
35.Ke2 Qh4h2
36.Kd3 Qh2d6
37.Kc3 b6
38.Qb5e2 g4
39.Qe2f2 g3
40.Qf2g2 Qd6e5
41.Kc2 Qe5e4
{ resign }
0-1

[Event "Tourn. n9467"]
[Site "www.chess-mail.com"]
[Date "2017.08.13"]
[Round "1"]
[White "Falcoale"]
[Black "Cjood"]
[WhiteElo "2070"]
[BlackElo "1910"]
[Result "1-0"]
[Round "1"]
1.e4 Ng8f6
2.e5 Nf6d5
3.d4 e6
4.Ng1f3 Bf8e7
5.a3 b6
6.c4 Bc8b7
7.cxd5 Bb7xd5
8.Nb1c3 Bd5c6
9.Bf1e2 d5
10.O-O h6
11.Bc1e3 Nb8d7
12.Ra1c1 a5
13.Nc3b5 g5
14.Qd1c2 O-O
15.Qc2xc6 f6
16.Qc6xc7 Qd8xc7
17.Nb5xc7 Ra8c8
18.Nc7xe6 { resign }
1-0

[Event "Tourn. n9438"]
[Site "www.chess-mail.com"]
[Date "2017.08.13"]
[Round "1"]
[White "Nulladies"]
[Black "Cjood"]
[WhiteElo "1980"]
[BlackElo "1940"]
[Result "1/2-1/2"]
[Round "1"]
1.d4 e6
2.Bc1f4 d6
3.Ng1f3 b6
4.e3 Bc8b7
5.Bf1e2 Nb8c6
6.c3 g6
7.Nb1d2 a6
8.h4 Bf8g7
9.h5 Qd8f6
10.Bf4g5 Qf6f5
11.e4 Qf5g4
12.Kf1 gxh5
13.Rh1h4 f6
14.Rh4xg4 hxg4
15.Bg5xf6 Ng8xf6
16.Nf3g5 Nc6d8
17.Be2xg4 O-O
18.Bg4xe6 Nd8xe6
19.Ng5xe6 Rf8f7
20.f3 Nf6xe4
21.Ne6xg7 Ne4g3
22.Kg1 Rf7xg7
23.Qd1b3 Kh8
24.Kf2 Ra8g8
25.Qb3c2 Ng3h5
26.g4 Nh5f4
27.Nd2e4 Rg8e8
28.Ra1e1 Rg7e7
29.Qc2d2 Re8f8
30.Ne4f6 Re7xe1
31.Qd2xf4 Re1b1
32.Qf4h6 Rb1xb2
33.Ke3 Rf8f7
34.g5 Rf7e7
35.Kf4 Re7f7
36.Qh6h5 Rf7e7
37.g6 Rb2f2
38.Nf6xh7 Rf2xf3
39.Kg4 Re7e4
40.Kg5 Rf3g3
41.Kf5 Rg3f3
{ draw }
1/2-1/2

[Event "Tourn. n9452"]
[Site "www.chess-mail.com"]
[Date "2017.08.13"]
[Round "1"]
[White "Jackbauer"]
[Black "Osopanda"]
[WhiteElo "1890"]
[BlackElo "1620"]
[Result "1-0"]
[Round "1"]
1.d4 d6
2.Bc1f4 Ng8f6
3.Nb1c3 Nb8d7
4.Ng1f3 c6
5.e4 Qd8c7
6.Bf1c4 e5
7.Bf4e3 Bf8e7
8.Be3g5 O-O
9.O-O b5
10.Bc4d3 exd4
11.Nf3xd4 Nd7e5
12.h3 b4
13.Nc3e2 Bc8b7
14.b3 h6
15.Bg5h4 g5
16.Bh4g3 Nf6h5
17.Nd4f5 Nh5xg3
18.Ne2xg3 Kh7
19.Qd1h5 Ne5xd3
20.Qh5xh6 { resign }
1-0

[Event "Tourn. n9394"]
[Site "www.chess-mail.com"]
[Date "2017.08.13"]
[Round "1"]
[White "Rons"]
[Black "Aperturaf"]
[WhiteElo "2590"]
[BlackElo "2650"]
[Result "1-0"]
[Round "1"]
1.e4 e6
2.d4 d5
3.Nb1c3 Ng8f6
4.Bc1g5 dxe4
5.Nc3xe4 Bf8e7
6.Bg5xf6 Be7xf6
7.Ng1f3 O-O
8.Qd1d2 Bf6e7
9.O-O-O Nb8d7
10.Bf1d3 b6
11.h4 Bc8b7
12.Ne4g5 h6
13.Bd3h7 Kh8
14.Bh7e4 Be7xg5
15.Nf3xg5 Qd8b8
16.Qd2f4 Nd7f6
17.Be4xb7 Qb8xb7
18.Ng5f3 Ra8c8
19.g4 c5
20.g5 Qb7e4
21.Qf4xe4 Nf6xe4
22.Rh1f1 hxg5
23.hxg5 Kg8
24.Rd1e1 Ne4d6
25.g6 fxg6
26.Nf3g5 cxd4
27.Ng5xe6 Rf8f6
28.Ne6xd4 g5
29.Re1e6 Rf6xe6
30.Nd4xe6 g4
31.Rf1g1 Rc8c4
32.b3 Rc4e4
33.Ne6c7 Re4f4
34.Rg1g2 Nd6e4
35.Nc7d5 Rf4xf2
36.Rg2xg4 Ne4f6
37.Nd5xf6 Rf2xf6
38.Kd2 g6
39.Ke3 Kf7
40.c3 Rf6e6
{ time. }
1-0

[Event "Match"]
[Site "www.echecsemail.com"]
[Date "2017.08.13"]
[Round "1"]
[White "Osvalazo"]
[Black "Ditto"]
[WhiteElo "1850"]
[BlackElo "1860"]
[Result "0-1"]
[Round "1"]
1.e4 e5
2.Ng1f3 Nb8c6
3.Nb1c3 Bf8c5
4.Bf1c4 Ng8f6
5.O-O d6
6.Nf3g5 Bc8g4
7.Qd1e1 Bg4h5
8.d3 Qd8e7
9.Bc1e3 O-O-O
10.a3 Bc5xe3
11.Qe1xe3 Nc6d4
12.Ra1c1 Nf6g4
13.Qe3d2 f6
14.Ng5f3 Nd4xf3
15.gxf3 Ng4h6
16.Nc3d5 Qe7e8
17.Nd5e3 Bh5xf3
18.Ne3f5 Nh6xf5
19.exf5 Qe8h5
{ resign }
0-1

[Event "Match"]
[Site "www.echecsemail.com"]
[Date "2017.08.13"]
[Round "1"]
[White "Wagner"]
[Black "Bstev"]
[WhiteElo "1790"]
[BlackElo "1799"]
[Result "0-1"]
[Round "1"]
1.e4 e5
2.Ng1f3 Nb8c6
3.c3 d5
4.Qd1a4 dxe4
5.Qa4xe4 Ng8f6
6.Qe4e3 Nf6d5
7.Qe3e4 f6
8.d4 f5
9.Qe4e2 e4
10.Bc1g5 Bf8e7
 { time }
0-1

[Event "Match"]
[Site "www.echecsemail.com"]
[Date "2017.08.13"]
[Round "1"]
[White "Cal"]
[Black "Cjood"]
[WhiteElo "1650"]
[BlackElo "1980"]
[Result "0-1"]
[Round "1"]
1.c4 Ng8f6
2.Nb1c3 c5
3.d3 e6
4.h3 d6
5.e4 Nf6d7
6.Ng1f3 Nb8c6
7.a3 a6
8.b3 Qd8c7
9.Bf1e2 g6
10.O-O Bf8g7
11.Bc1f4 e5
12.Bf4g3 O-O
13.Nc3d5 Qc7d8
14.Qd1d2 Nd7f6
15.Bg3h4 Bc8e6
16.Nd5xf6 Bg7xf6
17.Ra1b1 Bf6xh4
18.Nf3h2 Bh4g5
19.Qd2c2 f5
20.exf5 Be6xf5
21.Qc2c3 b5
22.cxb5 axb5
23.Qc3e1 Ra8xa3
24.Qe1d1 d5
25.f3 Qd8a5
26.g4 Bf5e6
27.Kg2 Qa5c3
28.f4 exf4
29.Nh2f3 Bg5e7
30.g5 d4
31.h4 Be6xb3
32.Rf1e1 Bb3xd1
33.Re1xd1 b4
34.Rd1c1 Qc3xc1
35.Rb1xc1 b3
36.Nf3d2 Ra3a2
37.Nd2xb3 Ra2xe2
38.Kf1 Re2e3
39.Nb3xc5 Nc6e5
40.Nc5e6 Ne5xd3
41.Rc1c4 Re3xe6
42.Rc4xd4 Re6e1
43.Kg2 f3
44.Kg3 f2
45.Rd4xd3 f1Q
46.h5 Qf1f2
47.Kh3 Re1h1
48.Kg4 Rf8f4

0-1

[Event "1/8 Finale"]
[Site "www.chess-mail.com"]
[Date "2017.08.13"]
[Round "1"]
[White "Nimzo"]
[Black "Sachpat"]
[WhiteElo "2770"]
[BlackElo "2700"]
[Result "1/2-1/2"]
[Round "1"]
1.d4 Ng8f6
2.c4 e6
3.g3 c5
4.d5 exd5
5.cxd5 d6
6.Nb1c3 g6
7.Bf1g2 Bf8g7
8.Ng1f3 O-O
9.O-O Nb8d7
10.Bc1f4 Qd8e7
11.a4 Nf6g4
12.Bf4g5 f6
13.Bg5d2 f5
14.Nf3g5 Nd7f6
15.Qd1b3 Rf8e8
16.Ra1d1 Ng4e5
17.Ng5e6 Bc8xe6
18.dxe6 Qe7xe6
19.Qb3xe6 Re8xe6
20.Nc3d5 Nf6e8
21.Bd2f4 Ne5g4
22.h3 Ng4e5
23.b4 Ra8c8
24.Rd1b1 b6
25.a5 Ne5d7
26.bxc5 dxc5
27.Rf1d1 Ne8f6
28.Nd5c7 Re6xe2
29.a6 c4
30.Bg2f1 Re2c2
31.Nc7b5 Nd7c5
32.Nb5xa7 Rc8a8
33.Na7c6 Nc5xa6
34.Rb1xb6 Na6c5
35.Nc6b4 Rc2c3
36.Bf4d2 Rc3a3
37.Bd2e3 Nc5d3
38.Nb4xd3 cxd3
39.Bf1xd3 Ra3c3
40.Bd3b5 Rc3c8
41.Kg2 Kh8
42.Bb5a6 Rc8e8
43.Ba6c4 Ra8d8
44.Rd1xd8 Re8xd8
45.Rb6c6 Rd8b8
46.Be3f4 { draw }
1/2-1/2

[Event "Eq:Good team-Slap Shot Mates : "]
[Site "www.chess-mail.com"]
[Date "2017.08.13"]
[Round "1"]
[White "Chessington"]
[Black "Stepanpech"]
[WhiteElo "2430"]
[BlackElo "2510"]
[Result "1/2-1/2"]
[Round "1"]
1.Ng1f3 Ng8f6
2.g3 g6
3.Bf1g2 Bf8g7
4.O-O O-O
5.d3 d5
6.Nb1d2 c5
7.e4 Nb8c6
8.exd5 Nf6xd5
9.c3 e5
10.Rf1e1 h6
11.Qd1b3 Nd5c7
12.Nd2c4 Rf8e8
13.Nf3d2 Re8e6
14.Nd2e4 b6
15.f4 Bc8a6
16.Nc4xe5 Nc6xe5
17.fxe5 Ba6xd3
18.Ne4f2 Bd3a6
19.Bc1e3 Qd8e8
20.Bg2xa8 Nc7xa8
21.Qb3d5 Na8c7
22.Qd5g2 Re6xe5
23.Be3d2 Re5e6
24.Re1xe6 Nc7xe6
25.Qg2d5 Qe8e7
26.Ra1e1 Ba6b7
27.Qd5d3 { draw }
1/2-1/2

[Event "Tourn. n9490"]
[Site "www.chess-mail.com"]
[Date "2017.08.14"]
[Round "1"]
[White "Caspito"]
[Black "Cjood"]
[WhiteElo "1900"]
[BlackElo "1900"]
[Result "0-1"]
[Round "1"]
1.e4 b6
2.d4 Bc8b7
3.d5 e6
4.c4 exd5
5.cxd5 Qd8h4
6.Qd1f3 Ng8f6
7.Nb1c3 Bf8b4
8.a3 Bb4xc3
9.bxc3 Nf6xe4
10.Ng1h3 Bb7xd5
11.Qf3e2 O-O
12.Bc1g5 Ne4xg5
13.Qe2e7 f6
{ resign }
0-1

[Event "Tourn. n9427"]
[Site "www.chess-mail.com"]
[Date "2017.08.14"]
[Round "1"]
[White "Gvladutz"]
[Black "Coolant"]
[WhiteElo "2229"]
[BlackElo "2270"]
[Result "1-0"]
[Round "1"]
1.d4 Ng8f6
2.c4 e5
3.dxe5 Nf6g4
4.e4 Ng4xe5
5.f4 Ne5c6
6.a3 a5
7.Bc1e3 Nb8a6
8.Bf1d3 Bf8c5
9.Qd1d2 Qd8h4
10.g3 Qh4e7
11.Nb1c3 Bc5xe3
12.Qd2xe3 Qe7c5
13.Qe3xc5 Na6xc5
14.O-O-O O-O
15.Nc3d5 Nc5a6
16.c5 Na6xc5
17.Nd5xc7 Nc5xd3
18.Rd1xd3 Ra8b8
19.Ng1f3 b5
20.Rh1e1 b4
21.a4 Rb8b7
22.Nc7b5 Rf8d8
23.b3 Kf8
24.Kb2 Ke7
25.e5 Rb7b6
26.Nb5d6 Bc8a6
27.Rd3d2 h6
28.f5 f6
29.exf6 Kxf6
30.g4 g5
31.Nd6e4 Kg7
32.Rd2d6 { resign }
1-0

[Event "Tourn. n9462"]
[Site "www.chess-mail.com"]
[Date "2017.08.14"]
[Round "1"]
[White "Falcoale"]
[Black "Xkafi"]
[WhiteElo "2060"]
[BlackElo "2050"]
[Result "1-0"]
[Round "1"]
1.e4 e5
2.Ng1f3 Qd8f6
3.Nb1c3 c6
4.Bf1c4 Bf8c5
5.O-O d6
6.d3 h6
7.h3 Nb8d7
8.Bc1e3 Bc5b4
9.Nf3h2 Qf6h4
10.Nc3e2 Ng8e7
{ time. }
1-0

[Event "Tourn. n9452"]
[Site "www.chess-mail.com"]
[Date "2017.08.14"]
[Round "1"]
[White "Passaroa25"]
[Black "Fantomas"]
[WhiteElo "1680"]
[BlackElo "1820"]
[Result "0-1"]
[Round "1"]
1.e4 e5
2.c3 d5
3.d3 dxe4
4.dxe4 Qd8xd1
5.Kxd1 Bf8c5
6.Bc1e3 Bc5xe3
7.fxe3 Ng8f6
8.Bf1d3 Bc8g4
9.Ng1e2 Bg4h5
10.h3 Nb8d7
11.Kc2 Nd7c5
12.Bd3b5 c6
13.Bb5c4 b5
14.Bc4xf7 Kxf7
15.Ne2g3 Bh5g6
16.Nb1d2 Nc5xe4
17.Ng3xe4 Nf6xe4
18.Ra1f1 Ke6
19.Nd2xe4 Bg6xe4
20.Kd2 Be4xg2
21.b4 Bg2xh1
22.Rf1xh1 Ra8d8
23.Ke2 Rd8d6
24.Rh1g1 Rh8d8
25.Rg1xg7 e4
26.Kf2 Rd6d2
27.Kg3 Rd8d7
28.Rg7xd7 Rd2xd7
29.Kf4 Kd5
30.a3 Rd7f7
31.Kg5 Ke5
32.h4 h5
33.Kxh5 Rf7f3
34.Kg5 Rf3g3
35.Kh5 Rg3xe3
36.Kg4 Re3xc3
37.h5 Rc3c1
38.Kg5 Rc1g1
39.Kh4 Kf4
40.h6 Rg1h1

0-1

[Event "Match"]
[Site "www.echecsemail.com"]
[Date "2017.08.14"]
[Round "1"]
[White "Cjood"]
[Black "Pforjan"]
[WhiteElo "1900"]
[BlackElo "2359"]
[Result "0-1"]
[Round "1"]
1.f4 d5
2.Ng1f3 Ng8f6
3.c4 c6
4.e3 e6
5.Qd1c2 Bf8d6
6.c5 Bd6c7
7.Bf1d3 Nb8d7
8.b4 Qd8e7
9.h3 e5
10.fxe5 Nd7xe5
11.Nf3xe5 Qe7xe5
12.O-O Bc8xh3
13.Bd3f5 Qe5h2
{ resign }
0-1